000 00328nam a2200121Ia 4500
005 20260326235504.0
008 260326s9999||||xx |||||||||||||| ||und||
100 _aChueca Goitia, Fernando
245 0 _aArquitectura Hispano Islámica /
_cFernando Chueca Goitia
300 _a48 p.
650 _aARQUITECTURA ISLÁMICA
942 _cBK
999 _c8127
_d8127